Statistics for Oscar Movies Combo Quiz with Initials as Hints: Best Picture, Director, Actor and Actress

Click here to take the quiz!

General Stats

  • This quiz has been taken 943 times
  • The average score is 199 of 365

Answer Stats

Award Year Movie Winner % Correct
Best Picture2004The Lord of the Rings:
The Return of the King
The Lord of the Rings:
The Return of the King
89%
Best Actor1990My Left FootDaniel Day-Lewis
84%
Best Actor2013LincolnDaniel Day-Lewis
84%
Director2004The Lord of the Rings:
The Return of the King
Peter Jackson
84%
Best Actor2008There Will Be BloodDaniel Day-Lewis
84%
Best Picture2017MoonlightMoonlight
83%
Best Actress1983Sophie's ChoiceMeryl Streep
82%
Best Picture1998TitanicTitanic
82%
Best Actress2012The Iron LadyMeryl Streep
82%
Best Actress2017La La LandEmma Stone
82%
Best Picture201412 Years a Slave12 Years a Slave
82%
Best Picture2018The Shape of WaterThe Shape of Water
82%
Best Actor2016The RevenantLeonardo DiCaprio
82%
Director1999Saving Private RyanSteven Spielberg
81%
Director1994Schindler's ListSteven Spielberg
81%
Best Actress2013Silver Linings PlaybookJennifer Lawrence
80%
Best Actor1994PhiladelphiaTom Hanks
79%
Best Actor1995Forrest GumpTom Hanks
79%
Best Picture1995Forrest GumpForrest Gump
78%
Best Actor1998As Good as It GetsJack Nicholson
76%
Best Actor1976One Flew Over the Cuckoo's NestJack Nicholson
76%
Best Actor1980Kramer vs. KramerDustin Hoffman
75%
Best Picture2008No Country for Old MenNo Country for Old Men
75%
Best Actor1989Rain ManDustin Hoffman
75%
Director1990Born on the Fourth of JulyOliver Stone
74%
Best Actress1940Gone with the WindVivien Leigh
74%
Best Picture1973The GodfatherThe Godfather
74%
Best Picture1992The Silence of the LambsThe Silence of the Lambs
74%
Best Actress1952A Streetcar Named DesireVivien Leigh
74%
Best Picture1994Schindler's ListSchindler's List
74%
Best Picture2001GladiatorGladiator
74%
Director1987PlatoonOliver Stone
74%
Best Picture2011The King's SpeechThe King's Speech
74%
Best Actor2018Darkest HourGary Oldman
74%
Best Actress1969The Lion in WinterKatharine Hepburn
73%
Director2005Million Dollar BabyClint Eastwood
73%
Best Actress1934Morning GloryKatharine Hepburn
73%
Best Actress1954Roman HolidayAudrey Hepburn
73%
Best Actress1968Guess Who's Coming to DinnerKatharine Hepburn
73%
Best Actor2006CapotePhilip Seymour Hoffman
73%
Director1993UnforgivenClint Eastwood
73%
Best Actress1982On Golden PondKatharine Hepburn
73%
Best Picture2012The ArtistThe Artist
72%
Best Actress1974A Touch of ClassGlenda Jackson
72%
Best Picture2016SpotlightSpotlight
72%
Best Picture1976One Flew Over the
Cuckoo's Nest
One Flew Over the
Cuckoo's Nest
72%
Best Actor1992The Silence of the LambsAnthony Hopkins
72%
Best Actress1971Women in LoveGlenda Jackson
72%
Director1998TitanicJames Cameron
72%
Best Actor1981Raging BullRobert De Niro
72%
Best Actor1993Scent of a WomanAl Pacino
72%
Best Picture2010The Hurt LockerThe Hurt Locker
71%
Best Picture2000American BeautyAmerican Beauty
71%
Best Actress2014Blue JasmineCate Blanchett
71%
Best Actress2018Three Billboards Outside Ebbing, MissouriFrances McDormand
71%
Best Actress2009The ReaderKate Winslet
71%
Best Actress1997FargoFrances McDormand
71%
Best Actress1992The Silence of the LambsJodie Foster
70%
Best Actress2007The QueenHelen Mirren
70%
Best Actress1998As Good as It GetsHelen Hunt
70%
Director2007The DepartedMartin Scorsese
70%
Best Actress1989The AccusedJodie Foster
70%
Best Picture1980Kramer vs. KramerKramer vs. Kramer
70%
Best Actor2011The King's SpeechColin Firth
70%
Best Picture1983GandhiGandhi
70%
Best Actor2001GladiatorRussell Crowe
69%
Best Actor1973The GodfatherMarlon Brando
69%
Director1968The GraduateMike Nichols
69%
Best Picture2015BirdmanBirdman
69%
Best Picture1940Gone with the WindGone with the Wind
69%
Best Actor1955On the WaterfrontMarlon Brando
69%
Best Picture2005Million Dollar BabyMillion Dollar Baby
69%
Best Actress2001Erin BrockovichJulia Roberts
69%
Director2018The Shape of WaterGuillermo del Toro
69%
Best Actor2017Manchester by the SeaCasey Affleck
68%
Best Actor2000American BeautyKevin Spacey
68%
Best Picture1991Dances with WolvesDances with Wolves
68%
Best Actress2000Boys Don't CryHilary Swank
67%
Best Picture1993UnforgivenUnforgiven
67%
Best Actor2002Training DayDenzel Washington
67%
Best Actress2005Million Dollar BabyHilary Swank
67%
Best Picture1997The English PatientThe English Patient
67%
Best Picture2002A Beautiful MindA Beautiful Mind
66%
Best Picture2007The DepartedThe Departed
66%
Best Picture1960Ben-HurBen-Hur
66%
Best Picture2006CrashCrash
66%
Best Picture2013ArgoArgo
65%
Best Picture2003ChicagoChicago
65%
Best Actress1961Who's Afraid of Virginia Woolf?Elizabeth Taylor
65%
Best Actress1979Coming HomeJane Fonda
65%
Best Picture1987PlatoonPlatoon
65%
Best Actress2003The HoursNicole Kidman
65%
Best Actress1967BUtterfield 8Elizabeth Taylor
65%
Director2010The Hurt LockerKathryn Bigelow
65%
Best Actress1972KluteJane Fonda
65%
Best Picture1989Rain ManRain Man
64%
Best Picture1996BraveheartBraveheart
64%
Best Picture1975The Godfather Part IIThe Godfather Part II
64%
Best Actor1982On Golden PondHenry Fonda
64%
Best Actor1983GandhiBen Kingsley
64%
Director1975The Godfather Part IIFrancis Ford Coppola
64%
Director1991Dances with WolvesKevin Costner
64%
Director1981Ordinary PeopleRobert Redford
64%
Director1978Annie HallWoody Allen
64%
Best Picture1999Shakespeare in LoveShakespeare in Love
64%
Director2006Brokeback MountainAng Lee
64%
Best Actress2011Black SwanNatalie Portman
64%
Best Actress2010The Blind SideSandra Bullock
64%
Best Actor2004Mystic RiverSean Penn
64%
Best Actor2009MilkSean Penn
64%
Director2013Life of PiAng Lee
64%
Best Actress1936DangerousBette Davis
63%
Best Actress1939JezebelBette Davis
63%
Best Actress1978Annie HallDiane Keaton
63%
Best Picture2009Slumdog MillionaireSlumdog Millionaire
63%
Best Picture1985AmadeusAmadeus
62%
Best Picture1986Out of AfricaOut of Africa
62%
Best Picture1979The Deer HunterThe Deer Hunter
62%
Best Actor1996Leaving Las VegasNicolas Cage
62%
Best Picture1969Oliver!Oliver!
62%
Director2008No Country for Old MenEthan Coen
62%
Director2002A Beautiful MindRon Howard
62%
Best Picture1978Annie HallAnnie Hall
62%
Director1941The Grapes of WrathJohn Ford
61%
Director1942How Green Way My ValleyJohn Ford
61%
Director1936The InformerJohn Ford
61%
Best Actor2007The Last King of ScotlandForest Whitaker
61%
Best Actress2016RoomBrie Larson
61%
Best Actress1988MoonstruckCher
61%
Best Actress1999Shakespeare in LoveGwyneth Paltrow
61%
Best Picture1944CasablancaCasablanca
61%
Director1953The Quiet ManJohn Ford
61%
Best Actress2015Still AliceJulianne Moore
61%
Best Actress2002Monster's BallHalle Berry
61%
Best Picture1966The Sound of MusicThe Sound of Music
61%
Best Actor2015The Theory of EverythingEddie Redmayne
60%
Best Actor1987The Color of MoneyPaul Newman
60%
Best Actress1996Dead Man WalkingSusan Sarandon
60%
Director1996BraveheartMel Gibson
60%
Best Actress1994The PianoHolly Hunter
60%
Best Actor1949HamletLaurence Olivier
60%
Best Picture1981Ordinary PeopleOrdinary People
59%
Best Picture1990Driving Miss DaisyDriving Miss Daisy
59%
Best Picture1977RockyRocky
59%
Best Picture1955On the WaterfrontOn the Waterfront
58%
Best Actress1980Norma RaeSally Field
58%
Best Actress1970The Prime of Miss Jean BrodieMaggie Smith
58%
Best Actress1957AnastasiaIngrid Bergman
58%
Best Actor1986Kiss of the Spider WomanWilliam Hurt
58%
Best Actor2014Dallas Buyers ClubMatthew McConaughey
58%
Best Actress1945GaslightIngrid Bergman
58%
Best Actress1985Places in the HeartSally Field
58%
Director2008No Country for Old MenJoel Coen
58%
Best Picture1965My Fair LadyMy Fair Lady
58%
Best Actor1971PattonGeorge C. Scott
58%
Best Picture1971PattonPatton
58%
Best Actor1935It Happened One NightClark Gable
57%
Best Actress2006Walk the LineReese Witherspoon
57%
Best Actor1970True GritJohn Wayne
56%
Best Actress1965Mary PoppinsJulie Andrews
56%
Best Actress1946Mildred PierceJoan Crawford
56%
Director2000American BeautySam Mendes
56%
Director1995Forrest GumpRobert Zemeckis
56%
Best Actor1960Ben-HurCharlton Heston
56%
Best Actor1952The African QueenHumphrey Bogart
56%
Best Actress1947To Each His OwnOlivia de Havilland
55%
Best Picture1984Terms of EndearmentTerms of Endearment
55%
Best Actress2004MonsterCharlize Theron
55%
Director2015BirdmanAlejandro González
Iñárritu
55%
Best Actor1988Wall StreetMichael Douglas
55%
Best Actor2012The ArtistJean Dujardin
55%
Best Actress1950The HeiressOlivia de Havilland
55%
Director2016The RevenantAlejandro González
Iñárritu
55%
Best Picture1968In the Heat of the NightIn the Heat of the Night
55%
Best Picture1963Lawrence of ArabiaLawrence of Arabia
55%
Best Actor1979Coming HomeJon Voight
55%
Best Picture1972The French ConnectionThe French Connection
55%
Best Actor1942Sergeant YorkGary Cooper
54%
Director2009Slumdog MillionaireDanny Boyle
54%
Best Actress1955The Country GirlGrace Kelly
54%
Best Actor1965My Fair LadyRex Harrison
54%
Best Actor1964Lilies of the FieldSidney Poitier
54%
Best Actor1963To Kill a MockingbirdGregory Peck
54%
Best Picture1949HamletHamlet
54%
Best Actress1991MiseryKathy Bates
54%
Best Picture1962West Side StoryWest Side Story
54%
Best Actor1953High NoonGary Cooper
54%
Best Picture1974The StingThe Sting
54%
Best Picture1988The Last EmperorThe Last Emperor
54%
Best Actress1944The Song of BernadetteJennifer Jones
53%
Best Actor1991Reversal of FortuneJeremy Irons
53%
Best Actor2010Crazy HeartJeff Bridges
53%
Best Picture1959GigiGigi
53%
Best Actress1981Coal Miner's DaughterSissy Spacek
53%
Director1983GandhiRichard Attenborough
53%
Best Actress1973CabaretLiza Minnelli
53%
Best Actor1941The Philadelphia StoryJames Stewart
53%
Director2014GravityAlfonso Cuarón
53%
Best Actor1972The French ConnectionGene Hackman
53%
Best Picture1931All Quiet on the Western FrontAll Quiet on the Western Front
53%
Director1961The ApartmentBilly Wilder
52%
Best Actress1984Terms of EndearmentShirley MacLaine
52%
Best Picture1941RebeccaRebecca
52%
Best Picture1982Chariots of FireChariots of Fire
52%
Director1946The Lost WeekendBilly Wilder
52%
Best Actor1950All the King's MenBroderick Crawford
52%
Best Picture1958The Bridge on the River KwaiThe Bridge on the River Kwai
52%
Best Actor1974Save the TigerJack Lemmon
51%
Director1959GigiVincente Minnelli
51%
Best Actress1990Driving Miss DaisyJessica Tandy
51%
Best Actress1993Howards EndEmma Thompson
51%
Best Picture1961The ApartmentThe Apartment
51%
Best Picture1950All the King's MenAll the King's Men
51%
Director1992The Silence of the LambsJonathan Demme
51%
Best Actor1958The Bridge on the River KwaiAlec Guinness
51%
Director2003The PianistRoman Polanski
51%
Best Actress1977NetworkFaye Dunaway
51%
Best Actor2003The PianistAdrien Brody
51%
Best Actress1962Two WomenSophia Loren
50%
Best Actor2005RayJamie Foxx
50%
Best Actor1985AmadeusF. Murray Abraham
50%
Best Actor1997ShineGeoffrey Rush
50%
Director2017La La LandDamien Chazelle
50%
Director1982RedsWarren Beatty
50%
Director1948Gentleman's AgreementElia Kazan
50%
Director1955On the WaterfrontElia Kazan
50%
Best Picture1942How Green Was My ValleyHow Green Was My Valley
49%
Best Picture1939You Can't Take It with YouYou Can't Take It with You
49%
Best Actor1957The King and IYul Brynner
49%
Best Picture1951All About EveAll About Eve
49%
Director1958The Bridge on the River KwaiDavid Lean
49%
Best Actress1995Blue SkyJessica Lange
49%
Best Actor1984Tender MerciesRobert Duvall
49%
Director1963Lawrence of ArabiaDavid Lean
49%
Director2011The King's SpeechTom Hooper
49%
Best Picture1935It Happened One NightIt Happened One Night
49%
Best Actor1977NetworkPeter Finch
48%
Director1997The English PatientAnthony Minghella
48%
Best Picture1943Mrs. MiniverMrs. Miniver
48%
Best Actor1961Elmer GantryBurt Lancaster
47%
Best Actor1954Stalag 17William Holden
47%
Director1947The Best Years of Our LivesWilliam Wyler
47%
Best Actress2008La Vie en RoseMarion Cotillard
47%
Best Actor1939Boys TownSpencer Tracy
47%
Director1960Ben-HurWilliam Wyler
47%
Best Picture1970Midnight CowboyMidnight Cowboy
47%
Best Actor1938Captains CourageousSpencer Tracy
47%
Director1943Mrs. MiniverWilliam Wyler
47%
Best Picture1964Tom JonesTom Jones
47%
Best Picture1956MartyMarty
47%
Best Actor1968In the Heat of the NightRod Steiger
47%
Best Picture1929WingsWings
47%
Best Picture1967A Man for All SeasonsA Man for All Seasons
46%
Director1985AmadeusMilos Forman
46%
Director1986Out of AfricaSydney Pollack
46%
Best Actress1976One Flew Over the Cuckoo's NestLouise Fletcher
46%
Best Actor1978The Goodbye GirlRichard Dreyfuss
46%
Director1976One Flew over the Cuckoo's NestMilos Forman
46%
Best Picture1947The Best Years of Our LivesThe Best Years of Our Lives
45%
Best Actress1942SuspicionJoan Fontaine
45%
Director1935It Happened One NightFrank Capra
45%
Director1937Mr. Deeds Goes to TownFrank Capra
45%
Director1939You Can't Take It with YouFrank Capra
45%
Best Actor1999Life Is BeautifulRoberto Benigni
44%
Best Actress1986The Trip to BountifulGeraldine Page
44%
Best Actress1943Mrs. MiniverGreer Garson
44%
Best Actor1943Yankee Doodle DandyJames Cagney
44%
Best Actress1935It Happened One NightClaudette Colbert
44%
Best Actor1959Separate TablesDavid Niven
44%
Director1988The Last EmperorBernardo Bertolucci
44%
Best Picture1952An American in ParisAn American in Paris
43%
Best Actor1956MartyErnest Borgnine
43%
Best Actress1948The Farmer's DaughterLoretta Young
43%
Best Actor1932A Free SoulLionel Barrymore
43%
Director1949The Treasure of the Sierra MadreJohn Huston
43%
Best Picture1953The Greatest Show on EarthThe Greatest Show on Earth
43%
Best Picture1932CimarronCimarron
43%
Director2001TrafficSteven Soderbergh
42%
Best Picture1937The Great ZiegfeldThe Great Ziegfeld
42%
Director2012The ArtistMichel Hazanavicius
42%
Director1944CasablancaMichael Curtiz
42%
Best Picture1933Grand HotelGrand Hotel
42%
Best Actor1945Going My WayBing Crosby
42%
Best Picture1945Going My WayGoing My Way
42%
Best Actress1958The Three Faces of EveJoanne Woodward
42%
Best Picture1946The Lost WeekendThe Lost Weekend
42%
Best Actress1966DarlingJulie Christie
42%
Best Actress1987Children of a Lesser GodMarlee Matlin
41%
Best Picture1954From Here to EternityFrom Here to Eternity
41%
Best Picture1957Around the World in
Eighty Days
Around the World in
Eighty Days
41%
Best Actress1963The Miracle WorkerAnne Bancroft
41%
Best Picture1938The Life of Emile ZolaThe Life of Emile Zola
41%
Best Actress1964HudPatricia Neal
41%
Best Picture1948Gentleman's AgreementGentleman's Agreement
40%
Director1952A Place in the SunGeorge Stevens
40%
Director1957GiantGeorge Stevens
40%
Best Actor1967A Man for All SeasonsPaul Scofield
40%
Best Actress1975Alice Doesn't Live Here AnymoreEllen Burstyn
40%
Best Actress1933The Sin of Madelon ClaudetHelen Hayes
39%
Best Actress1969Funny GirlBarbra Streisand
39%
Best Actress1938The Good EarthLuise Rainer
39%
Director1979The Deer HunterMichael Cimino
39%
Best Actress1929Seventh Heaven, Street Angel, SunriseJanet Gaynor
39%
Best Actress1941Kitty FoyleGinger Rogers
39%
Best Actress1937The Great ZiegfeldLuise Rainer
39%
Director1950A Letter to Three WivesJoseph L. Mankiewicz
39%
Director1951All About EveJoseph L. Mankiewicz
39%
Director1989Rain ManBarry Levinson
39%
Best Actor1975Harry and TontoArt Carney
39%
Director1962West Side StoryRobert Wise
38%
Director1954From Here to EternityFred Zinnemann
38%
Director1967A Man for All SeasonsFred Zinnemann
38%
Best Actress1930CoquetteMary Pickford
38%
Director1966The Sound of MusicRobert Wise
38%
Best Actor1937The Story of Louis PasteurPaul Muni
38%
Director1974The StingGeorge Roy Hill
38%
Director1969Oliver!Carol Reed
38%
Director1984Terms of EndearmentJames L. Brooks
38%
Best Actor1969CharlyCliff Robertson
38%
Best Actor1933Dr. Jekyll and Mr. HydeFredric March
37%
Best Actor1947The Best Years of Our LivesFredric March
37%
Best Picture1936Mutiny on the BountyMutiny on the Bounty
37%
Best Actor1948A Double LifeRonald Colman
37%
Best Actor1929The Last Command / The Way of All FleshEmil Jannings
37%
Best Picture1930The Broadway MelodyThe Broadway Melody
36%
Best Actress1949Johnny BelindaJane Wyman
36%
Director1964Tom JonesTony Richardson
36%
Best Actress1931The DivorceeNorma Shearer
36%
Best Actress1959I Want to Live!Susan Hayward
36%
Best Picture1934CavalcadeCavalcade
36%
Best Actor1944Watch on the RhinePaul Lukas
36%
Director1972The French ConnectionWilliam Friedkin
35%
Director1977RockyJohn G. Avildsen
35%
Best Actress1960Room at the TopSimone Signoret
35%
Best Actor1946The Lost WeekendRay Milland
34%
Best Actress1951Born YesterdayJudy Holliday
34%
Director1973CabaretBob Fosse
34%
Best Actress1932Min and BillMarie Dressler
34%
Director1940Gone with the WindVictor Fleming
34%
Director1965My Fair LadyGeorge Cukor
34%
Best Actor1966Cat BallouLee Marvin
33%
Best Actor1934The Private Life of Henry VIIICharles Laughton
33%
Director1970Midnight CowboyJohn Schlesinger
33%
Best Actor1940Goodbye, Mr. ChipsRobert Donat
32%
Best Actress1953Come Back, Little ShebaShirley Booth
32%
Director1980Kramer vs. KramerRobert Benton
31%
Best Actor1962Judgment at NurembergMaximilian Schell
31%
Best Actor1951Cyrano de BergeracJosé Ferrer
30%
Best Actress1956The Rose TattooAnna Magnani
30%
Best Actor1931DisraeliGeorge Arliss
30%
Director1956MartyDelbert Mann
30%
Best Actor1930In Old ArizonaWarner Baxter
30%
Director1934CavalcadeFrank Lloyd
29%
Director1930The Divine LadyFrank Lloyd
29%
Director1971PattonFranklin J. Schaffner
29%
Best Actor1936The InformerVictor McLaglen
29%
Director1929Seventh HeavenFrank Borzage
28%
Director1931All Quiet on the Western FrontLewis Milestone
28%
Best Actor1933The ChampWallace Beery
28%
Director1933Bad GirlFrank Borzage
28%
Director1929Two Arabian NightsLewis Milestone
28%
Director1932SkippyNorman Taurog
26%
Director1945Going My WayLeo McCarey
25%
Director1938The Awful TruthLeo McCarey
25%
Director1962West Side StoryJerome Robbins
20%

Score Distribution

Percentile by Number Answered

Percent of People with Each Score

Your Score History

You have not taken this quiz